000 00789cam a22001814a 4500
005 20250605164401.0
008 250528s ||||||||||||||||||||||||d
035 _a24588
040 _aGR-AtMCL
_bgre
_dGR-AtMCL
_eAACR2
245 1 _aΠρώτο μας Μέλημα οι Άνθρψποι και οι Ανάγκες τους
260 _bFinance Pro,
_c2021
300 _a58
520 _aΓιάννης Τσακίρης: Σχεδιάζεται 'Υβριδικός Μηχανισμός' για την Ενίσχυση των ΜμΕ, Χαράλαμπος Πηλιτσίδης: Οι Επιχειρήσεις του Δημοσίου Προχωρούν στη Νέα Εποχή.
700 1 _aΜπούσιας Μιχάλης Κ
_99357
942 _cCR
999 _c9458
_d9458